000 00278nam a2200121 a 4500
008 101021s1973|||| d
100 1 _aKorolenko, G.V.
245 1 0 _aTulácke rapsódie
041 _aslo
260 _bTatran
_c1973
_aBratislava
044 _axo
_cSK
020 _c20
999 _c11937
_d11937